000 00256 a2200109 4500
001 51181
040 _cAnchieta - Pituba
240 1 0 _aBaile de máscaras 2013
_l
245 1 0 _aBaile de máscaras 2013
650 4 _aLínguas espanhola e portuguesa
942 _cMX
999 _c51181
_d51181